000 00616nam a2200181Ia 4500
008 151018s9999 xx 000 0 und d
082 _bRBASDV34222
_a891.433
100 _aकुश्नचंदर
245 _aएक लडकी हजारो दिवाने
250 _b1
260 _bभारतीय जनसहयोग
_c2002
300 _a136
600 _aकुश्नचंदर
630 _aएक लडकी हजारो दिवाने
700 _aकुश्नचंदर
730 _aएक लडकी हजारो दिवाने
942 _cBOOK
999 _c1033714
_d1033711